00830nam a22002897a 45000010005000000030009000050050017000140070005000310080034000360400022000700920015000921000021001072450053001282600030001813000033002114900024002445000021002685000030002895040024003197100009003438300024003529100008003769420012003849520109003969560020005059990015005250165DO-SdBNP20160314093126.00165151005b 200 1962 xxu 00| 0 spa d aBPMSUbspacBPMSU aXXXXbXXXX1 aBergamini, David14aThe universe /cDavid Bergamini, editors of Life aNew York :bTime, c1962. a192 p :bil., retrs.c28 cm.1 aLife nature library aIncluye índice aIncluye glosario y tablas aBibliografia p: 188 aLife 0aLife nature library a144 2ddccBK 00102ddc40708EXTaBPMETbBPMETd2016-03-14eDonaciónl0pBPMET16030083r2016-03-14w2016-03-14yBK aYngrid Lockward c9204d9204